Falsafat Al-Tashri Fi Al-Islam (Record no. 1759)
[ view plain ]
| 000 -LEADER | |
|---|---|
| fixed length control field | 00558nam a2200241 a 4500 |
| 020 ## - INTERNATIONAL STANDARD BOOK NUMBER | |
| ISBN | |
| 082 00 - DEWEY DECIMAL CLASSIFICATION NUMBER | |
| Classification number | 340.59 |
| Author Cutter | MAH3 |
| 100 ## - MAIN ENTRY--AUTHOR NAME | |
| Author name | Mahmassani, S |
| 245 ## - TITLE STATEMENT | |
| Title | Falsafat Al-Tashri Fi Al-Islam |
| 260 ## - PUBLICATION, DISTRIBUTION, ETC. (IMPRINT) | |
| Place of publication | |
| Name of publisher | |
| Year of publication | 1961 |
| 300 ## - PHYSICAL DESCRIPTION | |
| Number of Pages | 217p |
| 500 ## - GENERAL NOTE | |
| General note | includes index and biblioraphy |
| 505 2# - FORMATTED CONTENTS NOTE | |
| Formatted contents note | Index |
| 650 ## - SUBJECT ADDED ENTRY--TOPICAL TERM | |
| Topical Term | Islamic-Law Jurisprudence |
| 942 ## - ADDED ENTRY ELEMENTS (KOHA) | |
| Koha item type | Books |
| 700 1# - | |
| -- | Mahmassani, S |
| Home library | Current library | Date acquired | Cost, normal purchase price | Full call number | Accession Number | Koha item type |
|---|---|---|---|---|---|---|
| Henry Martyn Institute Library | Henry Martyn Institute Library | 05/04/2007 | 2256.00 | 340.59 MAH3 | 03329 | E-Books |
